| 000 | 00464nam a22001457a 4500 | ||
|---|---|---|---|
| 082 | _a621.3 | ||
| 100 | _aNaqvi, Syed Kashif Abbas | ||
| 245 |
_aPerformance Analysis of IP based PBX / _cSyed Kashif Abbas Naqvi |
||
| 260 |
_aIslamabad : _bCEME - NUST, _c2017. |
||
| 300 |
_a143 p. ; _c30cm. |
||
| 650 |
_aElectrical Engineering-MS-Thesis _916073 |
||
| 700 |
_aDr. M. Tahir Zaidi _932954 |
||
| 942 |
_2ddc _cTHE |
||
| 999 |
_c537883 _d537883 |
||